[Event "TCh-CZE Extraliga 2011-12"]
[Site "Czech Republic CZE"]
[Date "2011.10.09"]
[Round "2.8"]
[White "Jasny, S. (wh)"]
[Black "Neckar, L. (bl)"]
[Result "1/2-1/2"]
[WhiteElo "2327"]
[BlackElo "2367"]
[PlyCount "117"]
[EventDate "2011.??.??"]

1. e4 c5 2. Nf3 d6 3. d4 cxd4 4. Nxd4 Nf6 5. Nc3 Nc6 6. Be2 e5 7. Nf3 h6 8. O-O
Be7 9. b3 O-O 10. Bb2 a6 11. Nd2 Be6 12. Re1 b5 13. a3 Rc8 14. Bd3 d5 15. exd5
Nxd5 16. Nxd5 Qxd5 17. Nf3 f6 18. c4 Qd7 19. cxb5 axb5 20. b4 Rb8 21. Qe2 Na7
22. Rad1 Qc6 23. Nd4 exd4 24. Qxe6+ Qxe6 25. Rxe6 Kf7 26. Rde1 Nc8 27. Bc2 Rd8
28. Bb3 Kf8 29. Rd1 Nb6 30. Rxd4 Rxd4 31. Bxd4 Nc4 32. Bxc4 bxc4 33. Rc6 Ra8
34. g3 Rxa3 35. Rxc4 Rb3 36. Rc8+ Kf7 37. Rc7 Ke6 38. Bc5 Bxc5 39. bxc5 g5 40.
Kg2 h5 41. c6 Rc3 42. Rc8 Kd6 43. Rh8 Rxc6 44. Rxh5 Ke6 45. Rh7 Kf5 46. Rg7 g4
47. h3 gxh3+ 48. Kxh3 Rc2 49. g4+ Ke6 50. Kg3 Rc3+ 51. f3 Ra3 52. Rb7 Rc3 53.
Rb4 Kf7 54. Kf4 Kg6 55. Ke4 Ra3 56. f4 Rg3 57. g5 fxg5 58. Rb6+ Kf7 59. fxg5
1/2-1/2

[Event "CRO-chT1A 20th"]
[Site "Sibenik"]
[Date "2011.10.06"]
[Round "3.1"]
[White "Zelcic, Robert"]
[Black "Jankovic, Alojzije"]
[Result "1-0"]
[WhiteElo "2564"]
[BlackElo "2584"]
[PlyCount "79"]
[EventDate "2011.10.04"]
[EventType "team-tourn"]
[EventRounds "9"]
[EventCountry "CRO"]
[SourceTitle "OM OTB B 201907"]
[Source "Opening Master"]
[SourceDate "2019.07.06"]
[SourceVersion "2"]
[SourceVersionDate "2019.07.06"]
[SourceQuality "1"]

1. e4 c5 2. Nf3 Nc6 3. d4 cxd4 4. Nxd4 Nf6 5. Nc3 d6 6. Be2 e5 7. Nb3 Be7 8.
O-O a5 9. Be3 O-O 10. Nd2 Nd4 11. Bxd4 exd4 12. Nb5 Qb6 13. a4 Re8 14. Nc4 Qc6
15. Nxd4 Qxe4 16. Nb6 Rb8 17. Bb5 Bd8 18. Nxc8 Rxc8 19. Bxe8 Qxe8 20. Nf5 Qe5
21. Nd4 d5 22. Re1 Qf4 23. g3 Qd6 24. c3 g6 25. Qe2 Ne4 26. Rad1 Bb6 27. Kg2
Re8 28. Qd3 Rd8 29. f3 Nc5 30. Qb5 Nd7 31. Qe2 Bc5 32. Nb3 Bb6 33. Qb5 Ne5 34.
Nxa5 Nxf3 35. Re8+ Rxe8 36. Qxe8+ Kg7 37. Nc4 Qf6 38. Nxb6 Ne5 39. Rf1 Qg5 40.
Nd7 1-0

[Event "BL2-Ost 1112"]
[Site "Germany"]
[Date "2011.10.02"]
[Round "1.3"]
[White "Schoeneberg, Manfred"]
[Black "Enders, Peter"]
[Result "0-1"]
[WhiteElo "2279"]
[BlackElo "2454"]
[PlyCount "100"]
[EventDate "2011.10.02"]
[EventType "team-tourn"]
[EventRounds "9"]
[EventCountry "GER"]
[SourceTitle "OM OTB B 201907"]
[Source "Opening Master"]
[SourceDate "2019.07.06"]
[SourceVersion "2"]
[SourceVersionDate "2019.07.06"]
[SourceQuality "1"]

1. e4 c5 2. Nf3 d6 3. d4 cxd4 4. Nxd4 Nf6 5. Nc3 Nc6 6. Be2 e5 7. Nb3 Be7 8.
O-O O-O 9. Be3 Be6 10. Qd2 a5 11. a4 d5 12. exd5 Nxd5 13. Nxd5 Qxd5 14. Qxd5
Bxd5 15. c4 Be4 16. Nc5 Bf5 17. g4 Bc8 18. Rad1 Re8 19. Ne4 f5 20. gxf5 Bxf5
21. Nd6 Bxd6 22. Rxd6 Nd4 23. Bxd4 exd4 24. Bf3 Rad8 25. Rxd8 Rxd8 26. Bxb7 Rb8
27. Bd5+ Kf8 28. Rd1 d3 29. Rd2 Rb4 30. f3 Rxa4 31. Be4 Bxe4 32. fxe4 Rxc4 33.
Rxd3 Rc1+ 34. Kg2 Rc2+ 35. Kg3 Rxb2 36. Rd8+ Ke7 37. Ra8 Ra2 38. Kf4 Rxh2 39.
Ra7+ Ke6 40. Rxg7 Rf2+ 41. Ke3 Rf7 42. Rg5 Ra7 43. Rh5 a4 44. Kf4 Kd6 45. e5+
Kd5 46. Rh6 a3 47. Rd6+ Kc5 48. Rd1 a2 49. Ra1 Kc4 50. e6 Kb3 0-1

[Event "CZE-chT1E 1112"]
[Site "Czechia"]
[Date "2011.10.02"]
[Round "1.1"]
[White "Butkiewicz, Lukasz"]
[Black "Ponizil, Cyril"]
[Result "0-1"]
[WhiteElo "2430"]
[BlackElo "2398"]
[PlyCount "110"]
[EventDate "2011.10.02"]
[EventType "team-tourn"]
[EventRounds "11"]
[EventCountry "CZE"]
[SourceTitle "OM OTB B 201907"]
[Source "Opening Master"]
[SourceDate "2019.07.06"]
[SourceVersion "2"]
[SourceVersionDate "2019.07.06"]
[SourceQuality "1"]

1. e4 c5 2. Nf3 d6 3. d4 cxd4 4. Nxd4 Nf6 5. Nc3 Nc6 6. Be2 e5 7. Nf3 h6 8. O-O
Be7 9. Re1 O-O 10. h3 Be6 11. Bf1 Nb8 12. b3 a6 13. a4 Nbd7 14. Bb2 Rc8 15. Nd2
Qc7 16. Nc4 Nc5 17. a5 Rcd8 18. Nb6 Ncd7 19. Ncd5 Bxd5 20. Nxd5 Nxd5 21. exd5
f5 22. c4 Bf6 23. b4 e4 24. Bxf6 Nxf6 25. Qd4 Kh8 26. Rac1 Qf7 27. Red1 f4 28.
c5 dxc5 29. Rxc5 Rfe8 30. d6 e3 31. Bc4 Qg6 32. Bd3 Ne4 33. f3 Qxd6 34. Qxd6
Nxd6 35. Rdc1 Rc8 36. Kf1 g5 37. Rc7 Kg8 38. Ke2 Kf8 39. R1c5 Rxc7 40. Rxc7 Re7
41. Rc5 Kf7 42. h4 Kf6 43. hxg5+ hxg5 44. Rd5 Nf7 45. b5 axb5 46. Rxb5 Rd7 47.
Rb6+ Ke5 48. Rb5+ Kd4 49. Be4 Kc4 50. Rb2 Nd8 51. Ke1 Kc3 52. Rb5 Rd2 53. Rc5+
Kb4 54. Rxg5 Ne6 55. Rd5 Nd4 0-1

[Event "FICS rated standard game"]
[Site "FICS freechess.org"]
[Date "2011.09.29"]
[Round "?"]
[White "josepcanyelles"]
[Black "fanfounet"]
[Result "0-1"]
[WhiteElo "2018"]
[BlackElo "2056"]
[PlyCount "78"]
[EventDate "2011.??.??"]

1. e4 c5 2. Nf3 d6 3. d4 cxd4 4. Nxd4 Nf6 5. Nc3 Nc6 6. Be2 e5 7. Nb3 Be7 8.
Bg5 Nxe4 9. Nxe4 Bxg5 10. Nxd6+ Ke7 11. Ne4 Qxd1+ 12. Rxd1 Bh6 13. c3 f5 14.
Nec5 b6 15. Bb5 Nb8 16. Nd3 a6 17. Bc4 e4 18. Nb4 Bb7 19. Bd5 Ra7 20. Nd4 Kf6
21. O-O Rd8 22. c4 g6 23. Rfe1 Re8 24. Bxb7 Rxb7 25. Nd5+ Kf7 26. b3 Nd7 27.
Nc2 Ne5 28. Ndb4 a5 29. Nd5 Nd3 30. Re2 Nc1 31. Ree1 Nxa2 32. Nd4 Bg7 33. Nb5
Be5 34. Re2 Nb4 35. Nxb4 axb4 36. Rd5 Bb8 37. Red2 Rbe7 38. Kf1 f4 39. R2d4 e3
0-1

[Event "1st Clanska Liga-Zahod"]
[Site "?"]
[Date "2011.09.25"]
[Round "?"]
[White "Crepan, Marjan"]
[Black "Jokovic, Dusan"]
[Result "1-0"]
[WhiteElo "2323"]
[BlackElo "2082"]
[PlyCount "69"]
[EventDate "2011.??.??"]
[SourceTitle "OM OTB B 201907"]
[Source "Opening Master"]
[SourceDate "2019.07.06"]
[SourceVersion "2"]
[SourceVersionDate "2019.07.06"]
[SourceQuality "1"]

1. e4 c5 2. Nf3 d6 3. d4 cxd4 4. Nxd4 Nf6 5. Nc3 Nc6 6. Be2 e5 7. Nb3 Be7 8.
O-O O-O 9. f4 a5 10. a4 Nb4 11. Kh1 Be6 12. Be3 Rc8 13. Bf3 Bc4 14. Rf2 Qc7 15.
Rd2 Nd7 16. Bg4 Rcd8 17. Nb5 Bxb5 18. axb5 Qc4 19. c3 Qxe4 20. Bg1 Nf6 21. Bf3
Qxf4 22. g3 Qc4 23. Nxa5 Qxb5 24. cxb4 e4 25. Be2 Qxb4 26. Ra4 d5 27. Rxb4 Bxb4
28. Bb6 Ra8 29. Nb3 Bxd2 30. Qxd2 Rfe8 31. Qe3 Re6 32. Bd4 Rc6 33. Bc3 Re6 34.
Nd4 Rea6 35. Kg2 1-0

[Event "PRVA CRNOGORSKA LIGA"]
[Site "CETINJE"]
[Date "2011.09.24"]
[Round "2.3"]
[White "Anicic, Vuko"]
[Black "Zecevic, Ivan"]
[Result "0-1"]
[WhiteElo "2193"]
[BlackElo "2012"]
[PlyCount "82"]
[EventDate "2011.09.23"]
[EventRounds "6"]
[SourceTitle "OM OTB B 201907"]
[Source "Opening Master"]
[SourceDate "2019.07.06"]
[SourceVersion "2"]
[SourceVersionDate "2019.07.06"]
[SourceQuality "1"]

1. e4 c5 2. Nf3 Nc6 3. d4 cxd4 4. Nxd4 Nf6 5. Nc3 d6 6. Be2 e5 7. Nb3 Be7 8.
Bg5 Be6 9. Qd2 Rc8 10. O-O O-O 11. Rad1 Bxb3 12. axb3 Nd4 13. f4 Rxc3 14. bxc3
Nxe4 15. Bxe7 Qxe7 16. Qe3 Nxe2+ 17. Qxe2 Nxc3 18. Qd3 Nxd1 19. Rxd1 exf4 20.
Qxd6 Qe3+ 21. Kf1 f3 22. Qd2 fxg2+ 23. Qxg2 Re8 24. Qf2 Qe4 25. Qg2 Qxg2+ 26.
Kxg2 g6 27. Kf3 Re7 28. Rd8+ Kg7 29. c4 a6 30. Rc8 Re6 31. Rd8 Rb6 32. Rd3 g5
33. Ke4 Kg6 34. Kd5 f5 35. Ke5 f4 36. c5 Rf6 37. Rf3 Rf5+ 38. Kd6 g4 39. Rf1 f3
40. b4 h5 41. Kc7 Rf7+ 0-1

[Event "SRB-chT Central"]
[Site "Kraljevo"]
[Date "2011.09.20"]
[Round "5"]
[White "Zivkovic, Branimir"]
[Black "Simonovic, Aleksandar"]
[Result "0-1"]
[WhiteElo "2204"]
[BlackElo "2401"]
[PlyCount "52"]
[EventDate "2011.09.17"]
[EventType "team-tourn"]
[EventRounds "11"]
[EventCountry "SRB"]
[SourceTitle "OM OTB B 201907"]
[Source "Opening Master"]
[SourceDate "2019.07.06"]
[SourceVersion "2"]
[SourceVersionDate "2019.07.06"]
[SourceQuality "1"]

1. e4 c5 2. Nf3 Nc6 3. d4 cxd4 4. Nxd4 Nf6 5. Nc3 d6 6. Be2 e5 7. Nb3 Be7 8.
O-O O-O 9. Be3 a5 10. f3 Be6 11. Qe1 Nb4 12. Qd2 a4 13. Nxa4 Rxa4 14. Bb5 Qa8
15. Bxa4 Qxa4 16. c3 Nc6 17. Nc1 d5 18. exd5 Nxd5 19. Nd3 Rd8 20. Qe2 Qa6 21.
Rfd1 Bf5 22. Kf2 Nxe3 23. Qxe3 Rxd3 24. Rxd3 Qxd3 25. Qxd3 Bxd3 26. Rd1 Bf5 0-1

[Event "EU-ch U18 Girls"]
[Site "Albena"]
[Date "2011.09.18"]
[Round "7"]
[White "Shakryan, Zozan"]
[Black "Gluszko, Monika"]
[Result "1-0"]
[WhiteElo "2006"]
[BlackElo "2077"]
[PlyCount "81"]
[EventDate "2011.09.11"]
[EventType "swiss"]
[EventRounds "9"]
[EventCountry "BUL"]
[SourceTitle "OM OTB B 201907"]
[Source "Opening Master"]
[SourceDate "2019.07.06"]
[SourceVersion "2"]
[SourceVersionDate "2019.07.06"]
[SourceQuality "1"]

1. e4 c5 2. Nf3 Nc6 3. d4 cxd4 4. Nxd4 Nf6 5. Nc3 d6 6. Be2 e5 7. Nf3 h6 8. O-O
Be7 9. Re1 O-O 10. h3 Be6 11. Bf1 Qd7 12. Nd5 Bd8 13. c4 Nh7 14. Bd3 Rc8 15. a3
Ng5 16. Be3 Nxf3+ 17. Qxf3 f5 18. exf5 Bxf5 19. Bxf5 Rxf5 20. Qg4 h5 21. Qe4
Bg5 22. g4 Bxe3 23. gxf5 Bd4 24. Kh2 Rf8 25. f6 gxf6 26. Rg1+ Kh8 27. Rg6 Qh7
28. Rag1 Bxf2 29. R1g2 f5 30. Qc2 Bh4 31. Rxd6 Nd4 32. Qd1 Rg8 33. Rxg8+ Kxg8
34. Nf4 exf4 35. Qxd4 Qe7 36. Qd5+ Kh8 37. Rh6+ Kg7 38. Re6 Qc7 39. Rd6 f3 40.
Qe5+ Kh7 41. Rh6+ 1-0

[Event "Vienna State-chB"]
[Site "Vienna"]
[Date "2011.09.17"]
[Round "8"]
[White "Somasundram, Jayakumar"]
[Black "Paseka, Christian"]
[Result "1-0"]
[WhiteElo "1959"]
[BlackElo "1752"]
[PlyCount "63"]
[EventDate "2011.09.10"]
[EventType "swiss"]
[EventRounds "9"]
[EventCountry "AUT"]
[SourceTitle "OM OTB B 201907"]
[Source "Opening Master"]
[SourceDate "2019.07.06"]
[SourceVersion "2"]
[SourceVersionDate "2019.07.06"]
[SourceQuality "1"]

1. e4 c5 2. Nf3 d6 3. d4 cxd4 4. Nxd4 Nf6 5. Nc3 Nc6 6. Be2 e5 7. Nb3 Be7 8.
Bg5 h6 9. Bh4 O-O 10. Qd2 Be6 11. O-O-O Ne8 12. Bxe7 Qxe7 13. Qe3 Nc7 14. Rd2
Rfd8 15. Rhd1 a5 16. Nd5 Bxd5 17. exd5 Nb4 18. c3 Nbxd5 19. Rxd5 Nxd5 20. Rxd5
a4 21. Nd4 Qh4 22. Nf3 Qe7 23. Nd2 a3 24. b3 f5 25. f4 e4 26. g4 Rac8 27. gxf5
Qh4 28. Kc2 Kh8 29. f6 gxf6 30. Qxe4 Re8 31. Qg6 Qxf4 32. Rh5 1-0

[Event "NED-chT 1112"]
[Site "Netherlands"]
[Date "2011.09.17"]
[Round "1.9"]
[White "Borm, Frans"]
[Black "Baljon, Christofoor"]
[Result "1/2-1/2"]
[WhiteElo "2369"]
[BlackElo "2167"]
[PlyCount "74"]
[EventDate "2011.09.17"]
[EventType "team-tourn"]
[EventRounds "9"]
[EventCountry "NED"]
[SourceTitle "OM OTB B 201907"]
[Source "Opening Master"]
[SourceDate "2019.07.06"]
[SourceVersion "2"]
[SourceVersionDate "2019.07.06"]
[SourceQuality "1"]

1. e4 c5 2. Nf3 d6 3. d4 cxd4 4. Nxd4 Nf6 5. Nc3 Nc6 6. Be2 e5 7. Nf3 Be7 8.
O-O O-O 9. h3 a6 10. Bg5 Be6 11. Bxf6 Bxf6 12. Nd5 Bxd5 13. Qxd5 Qb6 14. Qb3
Qxb3 15. axb3 Nd4 16. Nxd4 exd4 17. Bd3 h5 18. g3 h4 19. Kg2 hxg3 20. fxg3 Be5
21. Ra5 Rac8 22. b4 g5 23. b3 Rc7 24. Rfa1 Kg7 25. b5 axb5 26. Rxb5 f6 27. Ra7
Rb8 28. Rba5 Kg6 29. Ra8 Rcc8 30. Rxb8 Rxb8 31. Kf3 Kh5 32. Ra7 g4+ 33. hxg4+
Kg5 34. b4 Kg6 35. b5 b6 36. Kg2 Kg5 37. Rg7+ Kh6 1/2-1/2

[Event "IBCA EU-ch blind 05th"]
[Site "Rhodes"]
[Date "2011.09.14"]
[Round "8"]
[White "Rositsan, Boris"]
[Black "Riegler, Dieter"]
[Result "0-1"]
[WhiteElo "2210"]
[BlackElo "2105"]
[PlyCount "62"]
[EventDate "2011.09.06"]
[EventType "swiss"]
[EventRounds "9"]
[EventCountry "GRE"]
[SourceTitle "OM OTB B 201907"]
[Source "Opening Master"]
[SourceDate "2019.07.06"]
[SourceVersion "2"]
[SourceVersionDate "2019.07.06"]
[SourceQuality "1"]

1. e4 c5 2. Nf3 d6 3. d4 cxd4 4. Nxd4 Nf6 5. Nc3 Nc6 6. Be2 e5 7. Nf3 h6 8. h3
Be7 9. Be3 Be6 10. g4 d5 11. exd5 Nxd5 12. Nxd5 Bxd5 13. c4 Be6 14. a3 Qc7 15.
Qc2 Rd8 16. b4 Nd4 17. Bxd4 exd4 18. Rd1 Bf6 19. Qa4+ Bd7 20. Qxa7 O-O 21. Nxd4
Rfe8 22. Kf1 Bc6 23. Nxc6 Qxc6 24. f3 Rxd1+ 25. Bxd1 Qxc4+ 26. Kg2 Bd4 27. Qa5
Re2+ 28. Bxe2 Qxe2+ 29. Kg3 Bf2+ 30. Kf4 g5+ 31. Kf5 Qe6# 0-1

[Event "EU-ch U14 Girls"]
[Site "Albena"]
[Date "2011.09.12"]
[Round "2"]
[White "Colantuono, Virginia"]
[Black "Ivanova, Simoneta"]
[Result "1/2-1/2"]
[WhiteElo "1804"]
[BlackElo "1936"]
[PlyCount "87"]
[EventDate "2011.09.11"]
[EventType "swiss"]
[EventRounds "9"]
[EventCountry "BUL"]
[SourceTitle "OM OTB B 201907"]
[Source "Opening Master"]
[SourceDate "2019.07.06"]
[SourceVersion "2"]
[SourceVersionDate "2019.07.06"]
[SourceQuality "1"]

1. e4 c5 2. Nf3 d6 3. d4 cxd4 4. Nxd4 Nf6 5. Nc3 Nc6 6. Be2 e5 7. Nf3 h6 8. O-O
Be7 9. h3 O-O 10. Be3 Be6 11. Nd5 Bxd5 12. exd5 Nb8 13. c4 b6 14. b4 Nfd7 15.
Nd2 Bg5 16. Bxg5 Qxg5 17. Ne4 Qe7 18. Qb3 f5 19. Nc3 Kh8 20. f4 e4 21. Nb5 Nf6
22. Nd4 Qd7 23. Ne6 Re8 24. a4 Rxe6 25. dxe6 Qxe6 26. Rfd1 Nc6 27. Qc3 a5 28.
bxa5 bxa5 29. Rab1 Nb4 30. Qd4 d5 31. cxd5 Qxd5 32. Rxb4 axb4 33. Qxd5 Nxd5 34.
Rxd5 Rxa4 35. Kf2 g6 36. Rd4 Kg7 37. Ke1 g5 38. fxg5 hxg5 39. Bd1 Ra2 40. Kf1
Rb2 41. Rc4 e3 42. Rc2 Rb1 43. Ke2 f4 44. Rc5 1/2-1/2

[Event "POL-chT2"]
[Site "Mrzezyno"]
[Date "2011.09.09"]
[Round "7.22"]
[White "Kolosowski, Pawel"]
[Black "Cichy, Kamil"]
[Result "1-0"]
[WhiteElo "2302"]
[BlackElo "1946"]
[PlyCount "104"]
[EventDate "2011.09.03"]
[EventType "team-swiss"]
[EventRounds "9"]
[EventCountry "POL"]
[SourceTitle "OM OTB B 201907"]
[Source "Opening Master"]
[SourceDate "2019.07.06"]
[SourceVersion "2"]
[SourceVersionDate "2019.07.06"]
[SourceQuality "1"]

1. e4 c5 2. Nf3 d6 3. d4 Nf6 4. Nc3 cxd4 5. Nxd4 Nc6 6. Be2 e5 7. Nf3 h6 8. O-O
Be7 9. Re1 O-O 10. Bf1 Bg4 11. h3 Bxf3 12. Qxf3 Nd4 13. Qd3 Nd7 14. Be3 Nc5 15.
Qd2 Nde6 16. b4 Nd7 17. Rad1 Nf6 18. a4 Re8 19. a5 Qc8 20. Qd3 Rd8 21. Nd5 Nxd5
22. exd5 Nf8 23. f4 Ng6 24. g3 exf4 25. gxf4 Bh4 26. Re2 Bg3 27. Qe4 Re8 28.
Qf3 Bh4 29. Rg2 Qc3 30. Bd3 Bf6 31. Bd2 Qd4+ 32. Qf2 Qxd5 33. Kh2 Nh4 34. Rg3
Nf5 35. Rg2 Bd4 36. Qf1 Nh4 37. Rg3 Nf5 38. Rg2 Nh4 39. Rg3 Nf5 40. Rg4 Bf6 41.
c4 Qe6 42. Qf3 Rab8 43. Re1 Qd7 44. Reg1 h5 45. Rg5 Bxg5 46. Rxg5 Nh6 47. Bc3
f6 48. Bxf6 Qf7 49. Bxg7 Qxg7 50. Rxg7+ Kxg7 51. Qxh5 Re6 52. c5 Kh8 1-0

[Event "Pancevo IM (Women)"]
[Site "Pancevo"]
[Date "2011.09.09"]
[Round "1"]
[White "Milanovic, Maja"]
[Black "Tomin, Ksenija"]
[Result "0-1"]
[WhiteElo "1851"]
[BlackElo "1857"]
[PlyCount "60"]
[EventDate "2011.09.09"]
[EventType "tourn"]
[EventRounds "10"]
[EventCountry "SRB"]
[SourceTitle "OM OTB B 201907"]
[Source "Opening Master"]
[SourceDate "2019.07.06"]
[SourceVersion "2"]
[SourceVersionDate "2019.07.06"]
[SourceQuality "1"]

1. e4 c5 2. Nf3 d6 3. d4 cxd4 4. Nxd4 Nf6 5. Nc3 Nc6 6. Be2 e5 7. Nf3 h6 8. O-O
Be7 9. Re1 O-O 10. h3 Be6 11. Bf1 Rc8 12. Nd5 Nb8 13. c4 Na6 14. b3 Nc5 15.
Nxe7+ Qxe7 16. Bd3 Bd7 17. Ba3 Bc6 18. Qc2 Nh5 19. b4 Nxd3 20. Qxd3 Nf4 21. Qf1
f5 22. Nd2 Nxh3+ 23. Kh2 Nf4 24. g3 Qg5 25. b5 Qh5+ 26. Kg1 Nh3+ 27. Kg2 fxe4
28. Re2 Bd7 29. Bxd6 Nf4+ 30. Kg1 Nxe2+ 0-1

[Event "Graz op 18th"]
[Site "Graz"]
[Date "2011.09.01"]
[Round "6"]
[White "Markoja, Boris"]
[Black "Wittmann, Walter"]
[Result "1-0"]
[WhiteElo "1944"]
[BlackElo "2295"]
[PlyCount "79"]
[EventDate "2011.08.27"]
[EventType "swiss"]
[EventRounds "9"]
[EventCountry "AUT"]
[SourceTitle "OM OTB B 201907"]
[Source "Opening Master"]
[SourceDate "2019.07.06"]
[SourceVersion "2"]
[SourceVersionDate "2019.07.06"]
[SourceQuality "1"]

1. e4 c5 2. Nf3 d6 3. d4 cxd4 4. Nxd4 Nf6 5. Nc3 Nc6 6. Be2 e5 7. Nf3 h6 8. O-O
Be7 9. Re1 O-O 10. h3 Be6 11. Bf1 Nb8 12. Nb1 Nbd7 13. c4 Rc8 14. b3 a6 15. Bd2
Re8 16. Nc3 Bf8 17. g3 Kh7 18. Rc1 a5 19. Nh4 g6 20. Qf3 b6 21. Rcd1 Nc5 22.
Bc1 Bg7 23. Nb5 Rc6 24. Ba3 Rf8 25. Bg2 Ne8 26. Qe3 Qd7 27. Kh2 Rc8 28. Re2 Qe7
29. Red2 Rd8 30. Bxc5 bxc5 31. Qc3 f5 32. Qxa5 f4 33. Qb6 g5 34. Nf5 Bxf5 35.
exf5 e4 36. Bxe4 Nf6 37. Bg2 fxg3+ 38. fxg3 Nh5 39. Qb7 Rd7 40. Qe4 1-0

[Event "Senica op 3rd"]
[Site "Senica"]
[Date "2011.08.24"]
[Round "5"]
[White "Hrubsa, Marian"]
[Black "Svoboda, Adam"]
[Result "0-1"]
[WhiteElo "1929"]
[BlackElo "1967"]
[PlyCount "54"]
[EventDate "2011.08.21"]
[EventType "swiss"]
[EventRounds "9"]
[EventCountry "SVK"]
[SourceTitle "OM OTB B 201907"]
[Source "Opening Master"]
[SourceDate "2019.07.06"]
[SourceVersion "2"]
[SourceVersionDate "2019.07.06"]
[SourceQuality "1"]

1. e4 c5 2. Nf3 Nc6 3. d4 cxd4 4. Nxd4 Nf6 5. Nc3 d6 6. Be2 e5 7. Nb3 Be6 8.
Be3 Be7 9. O-O O-O 10. f3 d5 11. exd5 Nxd5 12. Nxd5 Bxd5 13. Qe1 Qc7 14. Rd1
Rad8 15. Qg3 Kh8 16. c3 f5 17. Qf2 b6 18. Kh1 f4 19. Bc1 Rf6 20. Bd3 Rh6 21. c4
Be6 22. Be2 Bh4 23. Qg1 Bg3 24. Rxd8+ Qxd8 25. Rd1 Qh4 26. Rd6 Bxh2 27. Rxe6
Bg3+ 0-1

[Event "Rewal op-B 16th"]
[Site "Rewal"]
[Date "2011.08.24"]
[Round "5"]
[White "Skomial, Mateusz"]
[Black "Mirski, Michal"]
[Result "1/2-1/2"]
[WhiteElo "2068"]
[BlackElo "1776"]
[PlyCount "147"]
[EventDate "2011.08.18"]
[EventType "swiss"]
[EventRounds "9"]
[EventCountry "POL"]
[SourceTitle "OM OTB B 201907"]
[Source "Opening Master"]
[SourceDate "2019.07.06"]
[SourceVersion "2"]
[SourceVersionDate "2019.07.06"]
[SourceQuality "1"]

1. e4 c5 2. Nf3 d6 3. d4 cxd4 4. Nxd4 Nf6 5. Nc3 Nc6 6. Be2 e5 7. Nb3 Be7 8.
O-O O-O 9. Be3 a5 10. Nd2 Rb8 11. a4 Be6 12. Nc4 b6 13. h3 Nb4 14. Qd2 Qc7 15.
Na3 d5 16. exd5 Nfxd5 17. Nab5 Qd8 18. Nxd5 Nxd5 19. Rfd1 Nxe3 20. Qxe3 Qc8 21.
c3 f6 22. Bf3 Bc5 23. Qe2 Kh8 24. Rd2 Qe8 25. Nc7 Qf7 26. Nxe6 Qxe6 27. Rad1
Rbe8 28. Bd5 Qf5 29. Bc6 Rb8 30. Rd7 Qe6 31. Qb5 Qf5 32. Qe2 Qe6 33. Bb5 f5 34.
Qd2 Qf6 35. Kh1 Qh4 36. Qd5 Qf6 37. f3 f4 38. Bd3 Rbe8 39. Qe4 Qh6 40. Bc2 Qh5
41. Rc7 Rd8 42. Rdd7 Rxd7 43. Rxd7 Re8 44. Qb7 Qh4 45. Qe4 Be3 46. Rd1 g6 47.
Qd5 Qg5 48. Bb3 Qe7 49. Bc2 Kg7 50. Be4 Qf6 51. Kh2 Rf8 52. Qb7+ Rf7 53. Rd7
Rxd7 54. Qxd7+ Kh6 55. Qg4 Qd6 56. Qh4+ Kg7 57. Bc2 Bc1 58. b3 Bd2 59. c4 Bb4
60. Qf2 Bc5 61. Qe2 Qd4 62. Qd1 Qf2 63. Be4 Bd4 64. Bd3 Kf6 65. Qf1 Qe3 66. g3
Qd2+ 67. Qe2 fxg3+ 68. Kg2 Qc1 69. Qf1 Qf4 70. Qe1 Bf2 71. Qe4 Qc1 72. Bf1 Qb2
73. Be2 Qxb3 74. Qh4+ 1/2-1/2

[Event "Porto San Giorgio op 23rd"]
[Site "Porto San Giorgio"]
[Date "2011.08.22"]
[Round "2"]
[White "Luzi, Alessandro"]
[Black "Spano Cuomo, Gaetano"]
[Result "1-0"]
[WhiteElo "1920"]
[BlackElo "1805"]
[PlyCount "53"]
[EventDate "2011.08.21"]
[EventType "swiss"]
[EventRounds "9"]
[EventCountry "ITA"]
[SourceTitle "OM OTB B 201907"]
[Source "Opening Master"]
[SourceDate "2019.07.06"]
[SourceVersion "2"]
[SourceVersionDate "2019.07.06"]
[SourceQuality "1"]

1. e4 c5 2. Nf3 Nc6 3. d4 cxd4 4. Nxd4 Nf6 5. Nc3 d6 6. Be2 e5 7. Nb3 Be7 8.
O-O a6 9. f4 exf4 10. Bxf4 Ne5 11. h3 b5 12. a3 Bb7 13. Bd3 Qb6+ 14. Kh1 Nfd7
15. Qe1 Bf6 16. Be3 Qc7 17. Nd4 Nc5 18. Rd1 Ncxd3 19. cxd3 Nd7 20. Rc1 Qd8 21.
Nf5 Nc5 22. Rd1 g6 23. Nxd6+ Qxd6 24. Bxc5 Qxc5 25. Rxf6 O-O 26. Qf2 Qe7 27.
Qh4 1-0

[Event "Senica op 3rd"]
[Site "Senica"]
[Date "2011.08.21"]
[Round "1"]
[White "Skapikova, Lubica"]
[Black "Jasny, Stanislav"]
[Result "0-1"]
[WhiteElo "1867"]
[BlackElo "2366"]
[PlyCount "56"]
[EventDate "2011.08.21"]
[EventType "swiss"]
[EventRounds "9"]
[EventCountry "SVK"]
[SourceTitle "OM OTB B 201907"]
[Source "Opening Master"]
[SourceDate "2019.07.06"]
[SourceVersion "2"]
[SourceVersionDate "2019.07.06"]
[SourceQuality "1"]

1. e4 c5 2. Nf3 Nc6 3. d4 cxd4 4. Nxd4 Nf6 5. Nc3 d6 6. Be2 e5 7. Nb3 Be7 8.
O-O O-O 9. Be3 a5 10. f3 a4 11. Nd2 a3 12. b3 d5 13. Nxd5 Nxd5 14. exd5 Qxd5
15. Bc4 Qa5 16. Ne4 Bf5 17. Qe2 Rad8 18. g4 Bg6 19. h4 Nd4 20. Bxd4 Rxd4 21. c3
Rdd8 22. h5 Bxe4 23. Qxe4 Qxc3 24. Qxb7 Bc5+ 25. Kh1 Rd2 26. Rfd1 Rf2 27. Rf1
Rb2 28. Rfe1 Qxc4 0-1

[Event "Stare Mesto op"]
[Site "Stare Mesto"]
[Date "2011.08.19"]
[Round "9"]
[White "Stachon, Martin"]
[Black "Talla, Vladimir"]
[Result "0-1"]
[WhiteElo "2040"]
[BlackElo "2427"]
[PlyCount "88"]
[EventDate "2011.08.12"]
[EventType "swiss"]
[EventRounds "10"]
[EventCountry "CZE"]
[SourceTitle "OM OTB B 201907"]
[Source "Opening Master"]
[SourceDate "2019.07.06"]
[SourceVersion "2"]
[SourceVersionDate "2019.07.06"]
[SourceQuality "1"]

1. e4 c5 2. Nf3 d6 3. d4 cxd4 4. Nxd4 Nf6 5. Nc3 Nc6 6. Be2 e5 7. Nf3 h6 8. h3
Be7 9. O-O O-O 10. Re1 Be6 11. Bf1 Qd7 12. a4 Nh7 13. a5 a6 14. Nd5 Bd8 15. b4
f5 16. exf5 Bxf5 17. c4 Nf6 18. Qd2 Nxd5 19. cxd5 Na7 20. Ra3 Nb5 21. Rb3 Rc8
22. Bd3 Bxd3 23. Qxd3 Qf5 24. Bd2 Qxd3 25. Rxd3 Rc2 26. Re4 Bf6 27. Ne1 Rc7 28.
Nf3 Rfc8 29. Kh2 Rc4 30. Rxc4 Rxc4 31. Ng1 e4 32. Re3 Bg5 33. Re2 Nd4 34. Rxe4
Bxd2 35. Ne2 Rxb4 36. Rxd4 Rxd4 37. Nxd4 Bxa5 38. Kg3 Bc3 39. Nf5 a5 40. Kf4 a4
41. Nxd6 a3 42. Nxb7 a2 43. d6 a1=Q 44. d7 Qa4+ 0-1